| 000 | 00342nam a2200097Ia 4500 | ||
|---|---|---|---|
| 008 | 220120s9999||||xx |||||||||||||| ||und|| | ||
| 100 |
_aHaanya, unith Vishwas, Ravikumar, Swaroop _912789 |
||
| 245 | 2 | _aA detailed study 0n causes, Effects and Remidies on Landslid | |
| 260 |
_aCoorg Institute of Technology _bPonnampet _c2019 |
||
| 650 | _aMECHANICAL | ||
| 999 |
_c138389 _d138389 |
||